Assessment. (Record no. 283821)
[ view plain ]
| 000 -LEADER | |
|---|---|
| fixed length control field | 00565nam a22001817a 4500 |
| 003 - CONTROL NUMBER IDENTIFIER | |
| control field | PILC |
| 005 - DATE AND TIME OF LATEST TRANSACTION | |
| control field | 20150505083339.0 |
| 008 - FIXED-LENGTH DATA ELEMENTS--GENERAL INFORMATION | |
| fixed length control field | 150505b xxu||||| |||| 00| 0 eng d |
| 020 ## - INTERNATIONAL STANDARD BOOK NUMBER | |
| International Standard Book Number | 9780781781664 |
| 050 ## - LIBRARY OF CONGRESS CALL NUMBER | |
| Classification number | RT 48 |
| Item number | .As846 2007 |
| 245 ## - TITLE STATEMENT | |
| Title | Assessment. |
| 300 ## - PHYSICAL DESCRIPTION | |
| Extent | vi, 442 pages : |
| Other physical details | illustrations ; |
| Dimensions | 21 cm. |
| 440 ## - SERIES STATEMENT/ADDED ENTRY--TITLE | |
| Title | Lippincott manual of nursing practice series. |
| 500 ## - GENERAL NOTE | |
| General note | Includes bibliographical references and index. |
| 650 ## - SUBJECT ADDED ENTRY--TOPICAL TERM | |
| Topical term or geographic name as entry element | Nursing assessment |
| General subdivision | Handbooks, manual, etc. |
| 710 ## - ADDED ENTRY--CORPORATE NAME | |
| Corporate name or jurisdiction name as entry element | Lippincott Williams and Wilkins. |
| 942 ## - ADDED ENTRY ELEMENTS (KOHA) | |
| Source of classification or shelving scheme | Library of Congress Classification |
| Koha item type | Books |
| Withdrawn status | Lost status | Source of classification or shelving scheme | Damaged status | Home library | Current library | Shelving location | Date acquired | Source of acquisition | Total Checkouts | Full call number | Barcode | Date last seen | Price effective from | Koha item type |
|---|---|---|---|---|---|---|---|---|---|---|---|---|---|---|
| Library of Congress Classification | Southville International School Affiliated with Foreign Universities Library | Southville International School Affiliated with Foreign Universities Library | Southville Foreign University Section | 05/05/2015 | Library Fund | RT 48 .As846 2007 | SFU1846 | 05/15/2018 | 05/05/2015 | Books |